EL FETICHISMO EN EL AMOR /

Guardat en:
Dades bibliogràfiques
Autor principal: Binet, Alfred (autor)
Format: Llibre
Col·lecció:(Biblioteca Científico-Filosófica)
Matèries:
Etiquetes: Afegir etiqueta
Sense etiquetes, Sigues el primer a etiquetar aquest registre!

MARC

LEADER 00000nam^a2200000^a^4500
001 000235994
005 20250521000000.0
009 20260310104831.446
035 |a 059437 
037 |a Acervo Xavier Clavigero 
082 |a 306. 77  |b BIN 
100 |a Binet, Alfred  |e (autor) 
245 1 3 |a EL FETICHISMO EN EL AMOR /  |c BINET ; TR. ANSELMO GONZALEZ 
264 |a MADRID :  |b DANIEL JORRO,  |c 1904 
300 |a 291 p. 
336 |a texto  |b txt  |2 rdacontenido 
337 |a sin mediación  |b n  |2 rdamedio 
338 |a volumen  |b nc  |2 rdasoporte 
440 |a (Biblioteca Científico-Filosófica) 
649 |a XX 
650 |a Fetichismo 
650 |a Amor 
910 |a Fondo General 
920 |a Impresos - Libros 
930 |a Colección General 
905 |a 101 
901 |a 059437  |b IT1  |c ACC  |i 059437  |u 20250521 
902 |a https://opac.biblio.iteso.mx/vufind/Record/000235994